00438 2200181 4500001002100000005001500021035002000036008004100056245004800097100001500145250000600160260003400166300001200200084001400212082000800226650001000234990001200244INLIS00000000000020720240711085543 a0010-0424000183240711 1 ind 1 aJimmy Coates : Saat Pembalasan /cJoe Craig aCraig, Joe a1 aSolo :bTiga Serangkai,c2010 a298 hlm a800 JOE j a800 4aFiksi a0732447